[Event "Warsaw op 04"]
[Site "Warsaw"]
[Date "2009.05.29"]
[Round "8"]
[White "Janula, Mariusz"]
[Black "Potocki, Karol"]
[Result "0-1"]
[WhiteElo "1767"]
[BlackElo "1851"]
[PlyCount "64"]
[EventDate "2009.04.07"]
[EventType "swiss"]
[EventRounds "11"]
[EventCountry "POL"]
[SourceTitle "EXT 2012"]
[Source "ChessBase"]
[SourceDate "2011.11.24"]
[SourceVersion "1"]
[SourceVersionDate "2011.11.24"]
[SourceQuality "1"]

1. e4 e5 2. d4 exd4 3. c3 d5 4. e5 dxc3 5. Nxc3 d4 6. Ne4 Bf5 7. Bd3 Qd5 8. Qf3 Bb4+ 9. Kf1 Ne7 10. Bf4 Nbc6 11. g4 Bg6 12. a3 Ba5 13. b4 Bb6 14. Re1 0-0-0 15. Qg3 h5 16. f3 Qb3 17. Bb1 d3 18. Nd2 Qd5 19. Qg2 Nd4 20. Ne4 Bxe4 21. fxe4 Qc4 22. Bd2 Ng6 23. Qg3 h4 24. Qh3 Ne6 25. g5 Kb8 26. Qf5 Nd4 27. Qh3 Nb3 28. Qg2 Nxd2+ 29. Qxd2 Nxe5 30. Kg2 Qe6 31. h3 Nc4 32. Qd1 Qe5 0-1